Understanding jirga : (Record no. 330258)

000 -LEADER
fixed length control field 01474cam a2200373 i 4500
001 - CONTROL NUMBER
control field 17490788
003 - CONTROL NUMBER IDENTIFIER
control field NUST
005 - DATE AND TIME OF LATEST TRANSACTION
control field 20180117090027.0
008 - FIXED-LENGTH DATA ELEMENTS--GENERAL INFORMATION
fixed length control field 121012s2011 pk bs 000 0 eng
010 ## - LIBRARY OF CONGRESS CONTROL NUMBER
LC control number 2012432379
020 ## - INTERNATIONAL STANDARD BOOK NUMBER
International Standard Book Number 9789699534010
025 ## - OVERSEAS ACQUISITION NUMBER
Overseas acquisition number P-E-2012432379; 29
037 ## - SOURCE OF ACQUISITION
Source of stock number/acquisition Library of Congress -- Islamabad Overseas Office
040 ## - CATALOGING SOURCE
Original cataloging agency DLC
Language of cataloging eng
Transcribing agency DLC
Description conventions rda
Modifying agency DLC
042 ## - AUTHENTICATION CODE
Authentication code lcode
-- pcc
043 ## - GEOGRAPHIC AREA CODE
Geographic area code a-pk---
050 00 - LIBRARY OF CONGRESS CALL NUMBER
Classification number KPL2315.F43
Item number S55 2011
082 ## - DEWEY DECIMAL CLASSIFICATION NUMBER
Classification number 347.429
100 1# - MAIN ENTRY--PERSONAL NAME
Personal name Shinwari, Naveed Ahmad.
9 (RLIN) 2717
245 10 - TITLE STATEMENT
Title Understanding jirga :
Remainder of title legality and legitimacy in Pakistan's Federally Administered Tribal Areas /
Statement of responsibility, etc. Naveed Ahmad Shinwari.
260 ## - PUBLICATION, DISTRIBUTION, ETC.
Place of publication, distribution, etc. [Islamabad] :
Name of publisher, distributor, etc. Community Apraisal & Motivation Programme,
Date of publication, distribution, etc. 2011.
300 ## - PHYSICAL DESCRIPTION
Extent vii, 190 pages ;
Dimensions 26 cm
336 ## - CONTENT TYPE
Content type term text
Source rdacontent
337 ## - MEDIA TYPE
Media type term unmediated
Source rdamedia
338 ## - CARRIER TYPE
Carrier type term volume
Source rdacarrier
500 ## - GENERAL NOTE
General note Includes statistical tables.
650 #0 - SUBJECT ADDED ENTRY--TOPICAL TERM
Topical term or geographic name entry element Dispute resolution (Law)
Geographic subdivision Pakistan
-- Federally Administered Tribal Areas.
9 (RLIN) 2718
650 #0 - SUBJECT ADDED ENTRY--TOPICAL TERM
Topical term or geographic name entry element Conflict management
Geographic subdivision Pakistan
-- Federally Administered Tribal Areas.
9 (RLIN) 2719
710 2# - ADDED ENTRY--CORPORATE NAME
Corporate name or jurisdiction name as entry element Community Appraisal & Motivation Program.
9 (RLIN) 2278
906 ## - LOCAL DATA ELEMENT F, LDF (RLIN)
a 7
b cbc
c origode
d 3
e ncip
f 20
g y-gencatlg
942 ## - ADDED ENTRY ELEMENTS (KOHA)
Source of classification or shelving scheme
Koha item type Book
Holdings
Withdrawn status Lost status Source of classification or shelving scheme Damaged status Not for loan Collection code Permanent Location Current Location Shelving location Date acquired Full call number Barcode Date last seen Price effective from Koha item type
            NUST Law School (NLS) NUST Law School (NLS) General Stacks 06/15/2017 347.429 SHI S3H-D-294 06/15/2017 06/15/2017 Book
© 2023 Central Library, National University of Sciences and Technology. All Rights Reserved.